[Event "8th Amplico AIG Life Rapid"]
[Site "Warsaw POL"]
[Date "2008.12.21"]
[Round "11"]
[White "Wojtaszek,R"]
[Black "Drozdovskij,Y"]
[Result "1/2-1/2"]
[WhiteElo "2599"]
[BlackElo "2587"]

1.d4 Nf6 2.c4 e6 3.Nf3 d5 4.g3 dxc4 5.Bg2 a6 6.Ne5 Bb4+ 7.Nc3 Nd5 8.Bd2 Nb6
9.Bf4 f6 10.Nf3 Nc6 11.O-O O-O 12.Qc2 g5 13.Be3 g4 14.Nh4 Nxd4 15.Qe4 e5
16.Rfd1 c5 17.a3 Ba5 18.Bh6 Rf7 19.e3 f5 20.Qxe5 Bxc3 21.bxc3 Nd7 22.Qd6 Ne2+
23.Kh1 Nxc3 24.Rdc1 Ne4 25.Qf4 Nf8 26.Nxf5 Bxf5 27.Bxe4 Ng6 28.Qxf5 Rxf5
29.Bxf5 Ne5 30.Bf4 Qf6 31.Be4 Nd3 32.Bxb7 Nxc1 33.Bd5+ Kg7 34.Rxc1 Rd8 35.e4 Qd4
36.Be3 Qd3 37.Bxc4 Qxe4+ 38.Kg1 Qf3 39.Bf1 Rd1 40.Rxd1 Qxd1 41.Bxc5 a5 42.Bb6 a4
43.Bc5 Kf6 44.Bb4 Ke5 45.Kg2 Qd5+ 46.Kg1 Kd4 47.h4 Qb3 48.Bf8 Kc3 49.Bg7+ Kc2
50.Bf8 Qf3 51.Bb4 Kb2 52.Bd6 Qd5 53.Bb4 Qd4 54.Be7 Kc2 55.Bf8 Qd1 56.Be7 Qb1
57.Bf8 Qb7 58.Bd6 Kb3 59.Bc5 Qd5 60.Bf8 Qf5 61.Be7 Qe5 62.Bf8 Kb2 63.Bb4 Qd4
64.Be7 Kc3 65.Bf8 Kd2 66.Bb4+ Kd1 67.Bf8 Qa1 68.Be7 Qc1 69.Bb4 Kc2 70.Be7 Kc3
71.Bf8 Kd4 72.Bb4 Ke4 73.Kg2 Qd1 74.Bb5 Kd4 75.Bf1 Qf3+ 76.Kg1 Qb7 77.Bf8 Qb1
78.Be7 Ke4 79.Kg2 Qb7 80.Bf8 Qb8 81.Be7 Ke5 82.Kg1 Qb7 83.Bf8 Kd4 84.Bd6 Qb1
85.Bf8 Ke4 86.Kg2 Qb7 87.Kg1 Kd4 88.Bd6 Qf7 89.Bb4 Qf6 90.Be2 Qe6 91.Bf1 h5
92.Bg2 Qb3 93.Bf8 Qb8 94.Be7 Qc7 95.Bf8 Kc3 96.Bf1 Qd7 97.Bb4+ Kb3 98.Bf8 Qd1
99.Bb4 Qd8 100.Bc5 Qd5 101.Bb4 Qd4 102.Be7 Qe5  1/2-1/2

[Event "8th Amplico AIG Life Rapid"]
[Site "Warsaw POL"]
[Date "2008.12.21"]
[Round "12"]
[White "Wojtaszek,R"]
[Black "Gajewski,G"]
[Result "1-0"]
[WhiteElo "2599"]
[BlackElo "2577"]

1.d4 Nf6 2.c4 g6 3.Nf3 Bg7 4.g3 O-O 5.Bg2 c5 6.d5 d6 7.Nc3 e6 8.O-O exd5
9.cxd5 a6 10.a4 Nbd7 11.Bf4 Qe7 12.Rb1 h6 13.b4 cxb4 14.Rxb4 Nc5 15.Qc1 Kh7
16.Be3 Bg4 17.Bd4 Bxf3 18.Bxf3 Nfd7 19.Bxg7 Kxg7 20.Qb1 Qf6 21.Rc1 Rfe8 22.Bg2 Rac8
23.Bh3 Rc7 24.a5 Qd8 25.Bxd7 Qxd7 26.Qb2 Kg8 27.Qd2 h5 28.Qf4 Qe7 29.Kg2 Rec8
30.Rcb1 Kg7 31.R1b2 Qf6 32.Qxf6+ Kxf6 33.Nd1 Re8 34.Ne3 Rxe3 35.fxe3 Ke5
36.e4 f5 37.exf5 gxf5 38.Rf4 Ne4 39.Rf1 Rf7 40.Rd1 Rc7 41.Rdb1 Nc5 42.Rb4 Kxd5
43.Rh4 Rh7 44.h3 Ke6 45.Kh2 Ne4 46.g4 fxg4 47.hxg4 Rf7 48.gxh5 Rf2+ 49.Kg1 Rxe2
50.h6 Ng5 51.h7  1-0

[Event "38th Rilton Cup 2008-9"]
[Site "Stockholm SWE"]
[Date "2008.12.30"]
[Round "4"]
[White "Berczes,C"]
[Black "Wojtaszek,R"]
[Result "0-1"]
[WhiteElo "2399"]
[BlackElo "2599"]

1.Nf3 g6 2.g3 Bg7 3.d4 c5 4.Bg2 cxd4 5.Nxd4 Nc6 6.Nxc6 bxc6 7.c4 Qa5+ 8.Nd2 Nf6
9.O-O O-O 10.a3 Qh5 11.e4 a5 12.Qxh5 Nxh5 13.f4 d6 14.Re1 Bd4+ 15.Kh1 Rb8
16.Rb1 Nf6 17.Nf3 Bc5 18.Be3 Bxe3 19.Rxe3 c5 20.e5 Ng4 21.Re2 Ba6 22.Nd2 dxe5
23.h3 Nh6 24.Rxe5 Rfd8 25.Ne4 Bxc4 26.Rxc5 Ba2 27.Re1 Rxb2 28.Rxa5 Nf5 29.Rc5 Rd3
30.Rc3 Nxg3+ 31.Kh2 Rxc3 32.Nxc3 Nf5 33.Re2 Rxe2 34.Nxe2 Kf8 35.a4 Ke8 36.Nc3 Bc4
37.Kg1 Kd7 38.Kf2 Kc7 39.a5 Nd6 40.Ne4 Nxe4+ 41.Bxe4 Kd6 42.Ke3 Kc5 43.h4 Kb5
44.Kd4 Be6 45.Bc2 Kxa5 46.Kc5 Bd7 47.Bd1 Ka6 48.Bf3 Ka7 49.Bd5 Be8 50.Bc6 Bxc6
51.Kxc6 f6 52.Kd5 h6 53.Ke6 g5 54.hxg5 hxg5 55.f5 g4 56.Kxe7 g3 57.Kxf6 g2
58.Ke7 g1=Q 59.f6 Qg5  0-1

[Event "38th Rilton Cup 2008-9"]
[Site "Stockholm SWE"]
[Date "2009.01.02"]
[Round "6"]
[White "Kuzubov,Y"]
[Black "Wojtaszek,R"]
[Result "1/2-1/2"]
[WhiteElo "2622"]
[BlackElo "2599"]

1.c4 Nf6 2.Nf3 b6 3.g3 c5 4.Bg2 Bb7 5.O-O e6 6.d4 cxd4 7.Qxd4 Be7 8.Rd1 d6
9.Nc3 a6 10.b3 Nbd7 11.Bb2 O-O 12.Rac1 Rc8 13.Nd2 Bxg2 14.Kxg2 Qc7 15.Nde4 Ne8
16.Kg1 Qb7 17.Ba3 Rc6 18.Qd3 Ne5 19.Qe3 b5 20.cxb5 axb5 21.Nxd6 Nxd6 22.Qxe5 b4
23.Bxb4 Qxb4 24.Nd5 exd5 25.Rxc6 Ne4 26.Qd4 Qb5 27.Rc2 Rd8 28.Rdc1 h6 29.Qd3 Qb6
30.Qf3 Bc5 31.e3 Ng5 32.Qg4 Ne6 33.b4 Be7 34.Rc8 d4 35.exd4 Qxb4 36.Rxd8+ Bxd8
37.Qe4 g6 38.Qe5 Nxd4 39.Qe4 Kg7 40.Kg2 Qd6  1/2-1/2

[Event "38th Rilton Cup 2008-9"]
[Site "Stockholm SWE"]
[Date "2009.01.05"]
[Round "9"]
[White "Wojtaszek,R"]
[Black "Ulibin,M"]
[Result "1-0"]
[WhiteElo "2599"]
[BlackElo "2521"]

1.d4 e6 2.c4 f5 3.Nc3 Nf6 4.Qc2 b6 5.a3 Bb7 6.e3 Bd6 7.Nge2 O-O 8.Nf4 a6
9.Be2 g5 10.Nd3 Bxg2 11.Rg1 Bb7 12.Rxg5+ Kh8 13.Bd2 h6 14.Rg1 Bxh2 15.Rf1 Bg2
16.O-O-O Bxf1 17.Rxf1 Rg8 18.Qd1 Ne4 19.Rh1 Qh4 20.Nxe4 fxe4 21.Ne5 Nc6 22.Ng4 Rxg4
23.Bxg4 Qxf2 24.Bc3 Rg8 25.d5+ Be5 26.dxc6 Bxc3 27.bxc3 Qxe3+ 28.Kb2 dxc6
29.Bxe6 Rg2+ 30.Kb3 Qd2 31.Qxd2 Rxd2 32.Bf5 Rd6 33.c5 Rf6 34.Bxe4 b5 35.Rd1 Kg7
36.Rd7+ Rf7 37.Bxc6 Rxd7 38.Bxd7 Kf6 39.Kb4  1-0

[Event "10th EICC"]
[Site "Budva MNE"]
[Date "2009.03.14"]
[Round "8"]
[White "Areshchenko,A"]
[Black "Wojtaszek,R"]
[Result "1/2-1/2"]
[WhiteElo "2673"]
[BlackElo "2608"]

1.e4 c5 2.Nf3 d6 3.d4 cxd4 4.Nxd4 Nf6 5.Nc3 a6 6.Be3 e5 7.Nb3 Be7 8.Qd2 Ng4
9.g3 O-O 10.O-O-O Nxe3 11.Qxe3 Nd7 12.f4 b5 13.Kb1 Qb6 14.Qe1 Nf6 15.Bd3 Bg4
16.Rc1 Bd7 17.Nd5 Nxd5 18.exd5 Bf6 19.Nd2 Rae8 20.Ne4 Bd8 21.Qg1 Qxg1 22.Rhxg1 Bc7
23.f5 Bxf5 24.Nxd6 Bxd6 25.Bxf5 e4 26.c4 Re5 27.Bg4 bxc4 28.Rxc4 a5 29.Be2 f5
30.Ra4 Ra8 31.a3 Kf8 32.Rd1 g5 33.Rdd4 Rae8 34.Rxa5 f4 35.gxf4 gxf4 36.Ra6 Ke7
37.Ra7+ Kf6 38.Rd7 Bc5 39.Rc4 Bf8 40.Rxh7 Rxd5 41.Rcc7 Rd2 42.Bb5 Re7 43.Rhxe7 Bxe7
44.Rc2 Rd8 45.Bc6 Rd4 46.a4 Bb4 47.h4 f3 48.h5 Kg5 49.Rh2 Rd1+ 50.Kc2 Re1
51.h6 Re2+ 52.Rxe2 fxe2 53.h7 e1=Q 54.h8=Q Qd2+ 55.Kb3 e3 56.Qe5+ Kg4 57.Qe4+ Kg5
58.Bb5 Ba5 59.Bd3 Kf6 60.Ka2 Bb4 61.Bb5 Bd6 62.Bd3 Bb4 63.Qd5 Ke7 64.Qe5+ Kd8
65.Qb8+ Ke7 66.Qc7+ Kf6 67.Qc4 Ke5 68.Kb3 Ba5 69.Ka3 Bb4+ 70.Kb3 Ba5 71.Qc5+ Ke6
72.Bc4+ Kd7 73.Bb5+ Ke6 74.Qc8+ Kd6 75.Qd7+ Ke5 76.Qe7+ Kd5 77.Ka3 Kd4 78.Qd6+ Ke4
79.Qc5 Qe1 80.Bc6+ Kf4 81.Qd4+ Kg5 82.Qe5+ Kg4 83.Bd7+ Kf3 84.Qf5+ Kg3 85.Qg4+ Kh2
86.Bb5 Qa1+ 87.Kb3 Qe1 88.Qe2+ Kg3 89.Qd3 Qb4+ 90.Ka2 Qd2 91.Qg6+ Kf4 92.Qf6+ Kg4
93.Bc4 Kg3 94.Qg5+ Kf2 95.Qf4+ Kg2 96.Qe4+ Kg3 97.Ba6 Bb4 98.Qe5+ Kf3 99.Kb3 Ba5
100.Qf5+ Kg3 101.Qg5+ Kf3 102.Bb7+ Ke2 103.Qg4+ Ke1 104.Qg1+ Ke2 105.Qg2+ Kd3
106.Qe4+ Ke2 107.Qg4+ Ke1 108.Qg3+  1/2-1/2

[Event "10th EICC"]
[Site "Budva MNE"]
[Date "2009.03.17"]
[Round "11"]
[White "Wojtaszek,R"]
[Black "Vitiugov,N"]
[Result "0-1"]
[WhiteElo "2608"]
[BlackElo "2687"]

1.d4 Nf6 2.Nf3 d5 3.c4 c6 4.Nc3 dxc4 5.a4 Bf5 6.e3 e6 7.Bxc4 Bb4 8.O-O Nbd7
9.Qe2 Bg4 10.Rd1 O-O 11.e4 Qe7 12.h3 Bh5 13.Bf4 Bxf3 14.Qxf3 e5 15.Bg5 exd4
16.Rxd4 Ne5 17.Qe2 Bc5 18.Rdd1 h6 19.Bh4 Rad8 20.Bb3 Ng6 21.Bg3 Bd4 22.Qc4 Ne5
23.Qe2 Qb4 24.Qc2 Nh5 25.Bh2 Qc5 26.a5 Ng6 27.Qe2 Nhf4 28.Qf3 Be5 29.Rxd8 Rxd8
30.Rd1 Qxa5 31.h4 Nxh4 32.Qg4 Rxd1+ 33.Bxd1 Nhg6 34.Qc8+ Kh7 35.Bxf4 Bxc3
36.Bb3 Be5  0-1

[Event "TOP 16 GpA"]
[Site "Mulhouse FRA"]
[Date "2009.05.03"]
[Round "7"]
[White "Wojtaszek,R"]
[Black "Shirazi,K"]
[Result "1-0"]
[WhiteElo "2630"]
[BlackElo "2404"]

1.d4 d6 2.Nf3 Nf6 3.g3 b6 4.Bg2 Bb7 5.c4 e6 6.O-O Be7 7.d5 exd5 8.Nh4 c6
9.cxd5 Nxd5 10.Nf5 O-O 11.e4 Nc7 12.Nc3 Nd7 13.Qg4 Bf6 14.Rd1 Ne5 15.Qe2 d5
16.f4 Ng6 17.Be3 Ne7 18.g4 Nxf5 19.gxf5 Bxc3 20.bxc3 Qc8 21.f6 dxe4 22.Qh5 Ne8
23.Bh3 Qb8 24.fxg7 Nxg7 25.Qh6 Bc8 26.Kf2 f6 27.Rg1 Rf7 28.Rg3 Bxh3 29.Rag1 Qc7
30.Rxh3 Qd8 31.Qxh7+ Kf8 32.Qxe4 Kg8 33.Qh7+ Kf8 34.Qh8+ Ke7 35.Qxg7 Kd6
36.Rd1+  1-0

[Event "37th Greek Teams"]
[Site "Kallithea GRE"]
[Date "2009.07.05"]
[Round "4"]
[White "Macieja,B"]
[Black "Wojtaszek,R"]
[Result "1/2-1/2"]
[WhiteElo "2612"]
[BlackElo "2637"]

1.Nf3 Nf6 2.c4 e6 3.Nc3 d5 4.d4 dxc4 5.e4 Bb4 6.Bg5 c5 7.Bxc4 cxd4 8.Nxd4 Qa5
9.Bd2 Qc5 10.Bb5+ Bd7 11.Nb3 Qe7 12.Bd3 Nc6 13.a3 Bd6 14.Be3 O-O 15.O-O Rfd8
16.h3 Ne5 17.Be2 Bc6 18.Qb1 Ng6 19.g3 e5 20.Na5 Nf8 21.Nxc6 bxc6 22.Bc4 Ne6
23.Bxe6 Qxe6 24.Kg2 Qb3 25.Rd1 Bc7 26.Qa2 Rdb8 27.Qxb3 Rxb3 28.Na4 Bb6 29.Kf3 Bxe3
30.fxe3 g5 31.g4 Kg7 32.Rg1 Rd8 33.Rac1 Rd2 34.Rgd1 Rd4 35.Nc5 Rxd1 36.Nxb3 Rd3
37.Na5 h5 38.Nxc6 Nd7 39.gxh5 Kh6 40.Nxa7 Kxh5 41.Rc7 Nb6 42.Nb5 Na4 43.b4 Rd2
44.Nc3 Nb2 45.Kg3 Rd3 46.Nd5 Rxa3 47.Rxf7 Nc4 48.Rf2 Nd6 49.Kf3 Ra8 50.Nf6+ Kh4
51.Rd2 Nc4 52.Rd7 Rh8 53.Rc7 Kxh3 54.Rxc4 Rf8 55.Rc6 g4+ 56.Ke2 g3 57.Nh7 Rf2+
58.Ke1 Rb2 59.Ng5+ Kg4 60.Nf7 Kf3 61.Rg6 g2 62.Nxe5+ Kxe4 63.Nc4 Rxb4 64.Rg4+ Kf3
65.Ne5+ Kxe3 66.Rg3+ Kf4 67.Rxg2 Rb1+ 68.Kf2 Rb2+ 69.Kf1 Rb1+  1/2-1/2

[Event "37th Greek Teams"]
[Site "Kallithea GRE"]
[Date "2009.07.07"]
[Round "7"]
[White "Banikas,H"]
[Black "Wojtaszek,R"]
[Result "1/2-1/2"]
[WhiteElo "2598"]
[BlackElo "2637"]

1.d4 Nf6 2.c4 e6 3.Nc3 c5 4.e3 cxd4 5.exd4 d5 6.Nf3 Bb4 7.cxd5 Nxd5 8.Bd2 Nc6
9.Bd3 O-O 10.O-O Be7 11.Re1  1/2-1/2

[Event "37th Greek Teams"]
[Site "Kallithea GRE"]
[Date "2009.07.08"]
[Round "8"]
[White "Kapnisis,S"]
[Black "Wojtaszek,R"]
[Result "1-0"]
[WhiteElo "2464"]
[BlackElo "2637"]

1.e4 c6 2.d4 d5 3.f3 g6 4.Nc3 Bg7 5.Be3 Qb6 6.Qd2 Qxb2 7.Rb1 Qa3 8.h4 dxe4
9.h5 Nf6 10.h6 Bf8 11.fxe4 Ng4 12.Nf3 Nd7 13.Bc4 Nb6 14.Bb3 f6 15.O-O Qa5
16.Bf4 Bd7 17.a4 e5 18.Nxe5 Nxe5 19.dxe5 O-O-O 20.exf6 Bb4 21.Bh2 g5 22.Rf3 Bg4
23.Qe1 Bxf3 24.Be6+ Rd7 25.Qg3 Kd8 26.Qb8+ Nc8 27.Bxd7 Qc5+ 28.Kh1 Kxd7 29.Qxb7+ Ke6
30.Qxb4 Qxb4 31.Rxb4 Bh5 32.e5 Rd8 33.Bg3 Bg6 34.Rc4 Be8 35.a5 a6 36.Ne4 Kd5
37.Rb4 c5 38.Nc3+ Ke6 39.Rb7 Bc6 40.Rc7 Ba8 41.Na4  1-0

[Event "17th TCh-Eur"]
[Site "Novi Sad SRB"]
[Date "2009.10.22"]
[Round "1"]
[White "Stojanovic,Da"]
[Black "Wojtaszek,R"]
[Result "1/2-1/2"]
[WhiteElo "2469"]
[BlackElo "2640"]

1.e4 c5 2.Nf3 d6 3.d4 cxd4 4.Nxd4 Nf6 5.Nc3 a6 6.Be3 e6 7.Be2 Qc7 8.a4 b6
9.f4 Bb7 10.Bf3 Nbd7 11.O-O Be7 12.f5 e5 13.Nb3 h5 14.h3 h4 15.Qe2 Rc8 16.Rfc1 Qc4
17.Qxc4 Rxc4 18.Nd2 Rc8 19.Be2 Nc5 20.Bf3 Ncd7 21.Be2 Nc5 22.Bf3 Ncd7 23.Be2  1/2-1/2

[Event "17th TCh-Eur"]
[Site "Novi Sad SRB"]
[Date "2009.10.29"]
[Round "8"]
[White "Gashimov,V"]
[Black "Wojtaszek,R"]
[Result "1/2-1/2"]
[WhiteElo "2740"]
[BlackElo "2640"]

1.e4 c6 2.d4 d5 3.e5 Bf5 4.Nf3 e6 5.Be2 Nd7 6.O-O h6 7.Nbd2 Ne7 8.Nb3 Nc8
9.Be3 Ncb6 10.Nbd2 Be7 11.Ne1 c5 12.c3 cxd4 13.cxd4 Nb8 14.Bd3 Bxd3 15.Nxd3 Nc6
16.Qg4 g6 17.Rac1 Nd7 18.Rc3 Nb4 19.Nxb4 Bxb4 20.Rc2 Rc8 21.Rfc1 Rxc2 22.Rxc2 Nb8
23.Qe2 Nc6 24.Nf3 Be7 25.g3 Qa5 26.a3 Qa4 27.Kg2 Kd7 28.h3 a6 29.Rc3 h5 30.Qd2 b5
31.Qc1 Rc8 32.Bg5 Bxg5 33.Qxg5 Nxd4 34.Rxc8 Kxc8 35.Qe7 Nxf3 36.Qe8+ Kb7
37.Qxf7+ Kb8 38.Qf8+ Kb7 39.Qf7+ Kb8 40.Qe8+ Kb7 41.Qf7+ Kb8 42.Qxf3 Qc2
43.Qf8+ Qc8 44.Qxc8+ Kxc8 45.b4 Kd7 46.Kf3 Ke7 47.Ke3 Kf7  1/2-1/2

[Event "9th Amplico Life Rapid"]
[Site "Warsaw POL"]
[Date "2009.12.19"]
[Round "1"]
[White "Cyra,D"]
[Black "Wojtaszek,R"]
[Result "0-1"]
[WhiteElo "1875"]
[BlackElo "2637"]

1.d4 Nf6 2.c4 c5 3.d5 e6 4.Nc3 exd5 5.cxd5 d6 6.e4 g6 7.Be2 Bd7 8.f4 Bg7
9.Bd2 Bg4 10.Qb3 Bxe2 11.Ngxe2 O-O 12.Qc4 Na6 13.O-O Nc7 14.Ng3 Nh5 15.Nxh5 Qe7
16.Nf6+ Bxf6 17.Qd3 Bg7 18.Qc4 Qd8 19.a4 a6 20.Rfe1 Rb8 21.a5 b5 22.axb6 Rxb6
23.Ra2 Re8 24.Na4 Rb5 25.b4 cxb4 26.Bxb4 Na8 27.Bc3 Nb6 28.Qd3 Rb3 29.Qd2 Bxc3
30.Nxc3 Nc4 31.Qc2 Qb6+ 32.Kh1 Rb8 33.Na4 Qe3 34.Raa1 Qd4 35.Rad1 Nd2 36.Qxd2 Qxa4
37.e5 Rb2 38.Qe3 Qc2 39.Rg1 Re8 40.e6 Qf5 41.Qc3  0-1

[Event "9th Amplico Life Rapid"]
[Site "Warsaw POL"]
[Date "2009.12.19"]
[Round "3"]
[White "Kukawski,M"]
[Black "Wojtaszek,R"]
[Result "1/2-1/2"]
[WhiteElo "2327"]
[BlackElo "2637"]

1.e4 c6 2.Nc3 d5 3.Nf3 a6 4.h3 dxe4 5.Nxe4 Bf5 6.Ng3 Bg6 7.h4 h6 8.Ne5 Bh7
9.Qh5 g6 10.Bc4 e6 11.Qe2 Qe7 12.a4 Bg7 13.b3 Nd7 14.Bb2 Nxe5 15.Bxe5 Bxe5
16.Qxe5 Qf6 17.d4 Qxe5+ 18.dxe5 g5 19.O-O-O gxh4 20.Rxh4 Bg6 21.Bd3 Ne7 22.Be4 Rd8
23.Rdh1 Bxe4 24.Nxe4 Ng6 25.Rh5 Ke7 26.Nc5 b6 27.Nd3 Rd4 28.Rxh6 Rhd8 29.g3 c5
30.Rxg6 fxg6 31.Rh7+ Ke8 32.Nf4 R8d7 33.Rh8+ Kf7 34.Rh7+ Kg8 35.Rh6 Rxf4
36.gxf4 Kg7 37.Rh4 Rd4 38.Rg4 c4 39.Kb2 cxb3 40.cxb3 Rd2+ 41.Kc3 Rxf2 42.Kc4 Rf3
43.Rh4 Re3 44.Rg4 Re4+ 45.Kc3 Kf7 46.Kd3 Rb4 47.Kc3 a5 48.Kc2 g5 49.Rxg5 Rxf4
50.Kd3 Rf3+ 51.Kc4 Rf4+ 52.Kd3 Rb4 53.Kc3 Re4 54.Kc2 Re3 55.Kb2 Rf3 56.Rh5 Kg6
57.Rh8 Rf4 58.Rb8 Rb4 59.Rf8 b5 60.axb5 Rxb5 61.Rf6+ Kg5 62.Rxe6 a4 63.b4  1/2-1/2

[Event "9th Amplico Life Rapid"]
[Site "Warsaw POL"]
[Date "2009.12.19"]
[Round "4"]
[White "Wojtaszek,R"]
[Black "Rajlich,V"]
[Result "1/2-1/2"]
[WhiteElo "2637"]
[BlackElo "2303"]

1.d4 Nf6 2.c4 g6 3.g3 Bg7 4.Bg2 O-O 5.Nc3 d6 6.Nf3 Nbd7 7.O-O e5 8.e4 c6
9.Re1 Ng4 10.h3 exd4 11.Nxd4 Qb6 12.Nce2 Nge5 13.b3 Nc5 14.Be3 a5 15.Rb1 Re8
16.a3 Qa6 17.Rf1 a4 18.b4 Nb3 19.b5 Qa5 20.Qc2 Nxd4 21.Bxd4 c5 22.Bxe5 Bxe5
23.f4 Bg7 24.Rbd1 Qc7 25.f5 Be5 26.Nf4 b6 27.Nd5 Qd8 28.Qf2 Rf8 29.f6 Bb7
30.Ne7+ Kh8 31.g4 Re8 32.Qh4 Qd7 33.Rd3 Qe6 34.Nd5 Bxd5 35.cxd5 Qd7 36.Rdf3 Bd4+
37.Kh1 Rxe4 38.Qh6 Rg8 39.g5 Be5 40.R3f2 Rd4 41.Re2 Qxb5 42.Rfe1 Qc4 43.Be4 Qc3
44.Re3 Qb2 45.Bg2 Qd2 46.R1e2 Qc1+ 47.Re1 Qd2 48.R1e2  1/2-1/2

[Event "9th Amplico Life Rapid"]
[Site "Warsaw POL"]
[Date "2009.12.19"]
[Round "5"]
[White "Bognar,C"]
[Black "Wojtaszek,R"]
[Result "0-1"]
[WhiteElo "2248"]
[BlackElo "2637"]

1.d4 Nf6 2.c4 e6 3.Nf3 c5 4.d5 d6 5.Nc3 exd5 6.Nxd5 Nxd5 7.Qxd5 Nc6 8.e4 Be6
9.Qd1 Be7 10.Be2 Bg4 11.O-O Bxf3 12.Bxf3 O-O 13.Be3 Bf6 14.Qd2 Nd4 15.Bxd4 Bxd4
16.Rad1 Qf6 17.b3 Rab8 18.Kh1 g6 19.Bg4 h5 20.Bh3 Rfe8 21.Qd3 Qh4 22.f4 Re7
23.Rde1 Rbe8 24.g4 hxg4 25.Bg2 f5 26.Qg3 Qxg3  0-1

[Event "9th Amplico Life Rapid"]
[Site "Warsaw POL"]
[Date "2009.12.19"]
[Round "6"]
[White "Wojtaszek,R"]
[Black "Lewtak,Da"]
[Result "1-0"]
[WhiteElo "2637"]
[BlackElo "1939"]

1.d4 d6 2.Nf3 g6 3.g3 Bg7 4.Bg2 Nd7 5.c4 e5 6.Nc3 exd4 7.Nxd4 Ngf6 8.O-O O-O
9.e4 c6 10.h3 Qe7 11.Be3 Nc5 12.Qc2 Re8 13.Rfe1 Be6 14.b3 Bd7 15.Rad1 Ne6
16.Nde2 Rac8 17.Qd2 Nc5 18.Qxd6 Qxd6 19.Rxd6  1-0

[Event "9th Amplico Life Rapid"]
[Site "Warsaw POL"]
[Date "2009.12.19"]
[Round "7"]
[White "Pileckis,E"]
[Black "Wojtaszek,R"]
[Result "0-1"]
[WhiteElo "2438"]
[BlackElo "2637"]

1.Nf3 Nf6 2.c4 e6 3.Nc3 b6 4.g3 Bb7 5.Bg2 Be7 6.O-O O-O 7.Re1 d5 8.Ne5 Nbd7
9.d4 c6 10.e4 dxc4 11.Nxc4 b5 12.Ne3 Qb6 13.a4 Rfd8 14.e5 Nxe5 15.dxe5 Rxd1
16.Rxd1 Nd5 17.Nexd5 cxd5 18.Be3 Qc7 19.Nxb5 Qxe5 20.Nxa7 Bf6 21.Nb5 h5 22.Bd4 Qe2
23.Bf1 Qf3 24.a5 e5 25.Nd6 Rxa5 26.Nxb7 Rxa1 27.Rxa1 exd4 28.Nc5 h4 29.Re1 hxg3
30.hxg3 g6 31.Nd3 Kg7 32.Be2 Qf5 33.Bf1 Qg5 34.b4 Qd2 35.Rb1 Bd8 36.Rb2 Qc3
37.Ra2 Be7 38.Rb2 Bd6 39.Kg2 g5 40.Rb1 Qc2 41.Rb2 Qa4 42.Rb1 Bc7 43.Rc1 Bb6
44.Re1 Kf6 45.Re5 Qb3 46.Re8 Bc7 47.Re2 Qxd3 48.Re6+ fxe6 49.Bxd3 e5 50.Kf3 e4+
51.Bxe4 g4+  0-1

[Event "9th Amplico Life Rapid Playoff"]
[Site "Warsaw POL"]
[Date "2009.12.20"]
[Round "2"]
[White "Movsesian,S"]
[Black "Wojtaszek,R"]
[Result "1/2-1/2"]
[WhiteElo "2718"]
[BlackElo "2637"]

1.e4 c5 2.Nf3 d6 3.Nc3 Nf6 4.d4 cxd4 5.Nxd4 a6 6.h3 e6 7.g4 Be7 8.Bg2 Nc6
9.Be3 Nd7 10.Qe2 O-O 11.O-O-O Nxd4 12.Bxd4 Rb8 13.Ba7 Ra8 14.Be3 Rb8 15.f4 b5
16.g5 b4 17.Na4 Qa5 18.b3 Nc5 19.Bxc5 dxc5 20.e5 Qb5 21.Qe3 c4 22.Kb1 Bb7
23.Bxb7 Qxb7 24.h4 Rfd8 25.Nb2 cxb3 26.axb3 Qc6 27.Qe2 a5 28.Qc4 Qb7 29.h5 Rdc8
30.Qe2 Rd8 31.Rhf1 Rbc8 32.g6 Rxd1+ 33.Rxd1 hxg6 34.hxg6 fxg6 35.Qg4 Kf7
36.Nc4 a4 37.Nd6+ Bxd6 38.Rxd6 Qh1+ 39.Rd1 Qc6 40.Qe2  1/2-1/2

[Event "9th Amplico Life Rapid"]
[Site "Warsaw POL"]
[Date "2009.12.20"]
[Round "10"]
[White "Wojtaszek,R"]
[Black "Maiorov,N1"]
[Result "1/2-1/2"]
[WhiteElo "2637"]
[BlackElo "2511"]

1.d4 Nf6 2.c4 e6 3.g3 d5 4.Nf3 Bb4+ 5.Nc3 O-O 6.Bg2 dxc4 7.a3 Be7 8.Qa4 a6
9.Qxc4 b5 10.Qd3 Bb7 11.O-O c5 12.Rd1 Nbd7 13.dxc5 Nxc5 14.Qc2 Qc8 15.Bf4 Na4
16.Rac1 Nxc3 17.Qxc3 Qxc3 18.Rxc3 Nd5 19.Rcc1 Nxf4 20.gxf4 Bf6 21.Ne5 Bxg2
22.Kxg2 Rfc8 23.Rxc8+ Rxc8 24.Rd6 g5 25.Rxa6 Bxe5 26.fxe5 Rc2 27.b4 Rxe2
28.Ra5 Ra2 29.Rxb5 Rxa3 30.Rc5 Rb3 31.b5 Kg7 32.h3  1/2-1/2

[Event "9th Amplico Life Rapid"]
[Site "Warsaw POL"]
[Date "2009.12.20"]
[Round "11"]
[White "Likavsky,T"]
[Black "Wojtaszek,R"]
[Result "0-1"]
[WhiteElo "2476"]
[BlackElo "2637"]

1.d4 Nf6 2.c4 e6 3.Nc3 c5 4.Nf3 cxd4 5.Nxd4 a6 6.e4 Qc7 7.a3 b6 8.Be3 Bb7
9.f3 Be7 10.Rc1 O-O 11.Be2 d6 12.O-O Nbd7 13.b4 Rac8 14.Qd2 Qb8 15.Nb3 Bd8
16.Rfd1 Bc7 17.Bf4 Ne5 18.Bxe5 dxe5 19.c5 Nh5 20.Qe3 b5 21.a4 Bc6 22.axb5 axb5
23.Ra1 Nf4 24.Bf1 f5 25.Na5 Be8 26.g3 Nh5 27.Qe2 Nf6 28.exf5 exf5 29.Nxb5 e4
30.f4 Bh5 31.Qa2+ Kh8 32.Be2 Bxa5 33.bxa5 Rxc5 34.Nd6 Qa7 35.Kg2 Bxe2 36.Qxe2 Rxa5
37.Rxa5 Qxa5 38.Qc4 h6 39.Kh3 Ng4 40.Rd5 Nf2+ 41.Kg2 Qe1 42.Rxf5 Ra8 43.Rc5 Qh1+
44.Kxf2 Qf3+  0-1

[Event "9th Amplico Life Rapid"]
[Site "Warsaw POL"]
[Date "2009.12.20"]
[Round "12"]
[White "Wojtaszek,R"]
[Black "Gritsak,O"]
[Result "1-0"]
[WhiteElo "2637"]
[BlackElo "2521"]

1.d4 Nf6 2.c4 g6 3.g3 c5 4.d5 b5 5.cxb5 a6 6.bxa6 Bg7 7.Bg2 d6 8.Nc3 O-O
9.Nf3 Nxa6 10.O-O Bf5 11.Nh4 Bd7 12.Rb1 Qa5 13.Bd2 Rfb8 14.Re1 Ng4 15.Nf3 Nc7
16.Qc2 Ne5 17.Nxe5 Bxe5 18.e4 Qa7 19.Be3 Qa5 20.a3 Nb5 21.Nxb5 Qxb5 22.b4 c4
23.Bf1 Rc8 24.Rec1 Rxa3 25.Bxc4 Qa4 26.Qxa4 Rxa4 27.Bd2 Bd4 28.Bd3 Ra2 29.Rxc8+ Bxc8
30.Be1 Bh3 31.Bf1 Bg4 32.Kg2 Ra3 33.Kg1 Kg7 34.b5 Bb6 35.Bd2 Bf3 36.Bg2 Bxg2
37.Kxg2 Ra2 38.Rb2 Ra4 39.Kf3 Ra3+ 40.Be3 Kf6 41.Kf4 g5+ 42.Kg4 Bxe3 43.fxe3 Kg6
44.b6 Ra8 45.b7 Rb8 46.h4 h5+ 47.Kf3 Kf6 48.Ke2 gxh4 49.gxh4 e6 50.Kd3 Ke7
51.dxe6 fxe6 52.e5 dxe5 53.Ke4 Kd6 54.Rb1 Kd7 55.Kxe5 Ke7 56.e4 Kd7 57.Kf6 Kc7
58.e5  1-0

[Event "9th Amplico Life Rapid"]
[Site "Warsaw POL"]
[Date "2009.12.20"]
[Round "13"]
[White "Bartel,Mat"]
[Black "Wojtaszek,R"]
[Result "0-1"]
[WhiteElo "2618"]
[BlackElo "2637"]

1.e4 c5 2.Nf3 d6 3.d4 cxd4 4.Nxd4 Nf6 5.Nc3 a6 6.h3 e6 7.g4 Be7 8.Bg2 Nc6
9.O-O Nd7 10.Nde2 g5 11.Ng3 Nde5 12.Nh5 Rg8 13.a4 Bd7 14.Be3 Ng6 15.Qe2 Rc8
16.Rfd1 Nce5 17.a5 Nc4 18.e5 Ngxe5 19.Bd4 Qc7 20.Qe4 Bc6 21.Qxh7 Bxg2 22.Kxg2 Qc6+
23.Qe4 Nxb2 24.Rdb1 Nbc4 25.Rxb7 Rg6 26.Bxe5 Nxe5 27.Qxc6+ Rxc6 28.Rb8+ Bd8
29.Ne4 d5 30.Nef6+ Ke7 31.Rab1 Bxa5 32.R1b7+ Kd6 33.Ne8+ Kc5 34.f4 gxf4 35.Nxf4 Rg8
36.Ne2 f5 37.c3 fxg4 38.Nd4 gxh3+ 39.Kxh3 Bxc3 40.Nxc6 Nxc6 41.Rc8 Ba5 42.Rb1 d4
43.Ra1 Kb6 44.Rb1+ Bb4 45.Rc1 Bc3 46.Rb1+ Kc5 47.Rb7 e5 48.Re7 Rg6 49.Rxe5+ Kc4
50.Re4 a5 51.Rf4 Kb3 52.Nf6 Nb4 53.Ne4 Rc6 54.Ra8 a4 55.Rf5 a3 56.Nc5+ Rxc5
57.Rxc5 a2 58.Kg3 a1=Q 59.Rxa1 Bxa1 60.Kf3 Bc3  0-1

[Event "5th Open"]
[Site "Wroclaw POL"]
[Date "2010.06.30"]
[Round "7"]
[White "Bartel,Mat"]
[Black "Wojtaszek,R"]
[Result "1/2-1/2"]
[WhiteElo "2609"]
[BlackElo "2663"]

1.e4 c5 2.Nc3 d6 3.f4 g6 4.Nf3 Nc6 5.d4 cxd4 6.Nxd4 Bg7 7.Nb3 Nf6 8.Be2 Be6
9.Be3 O-O 10.g4 Rc8 11.f5 Bd7 12.g5 Ne8 13.O-O Ne5 14.Bxa7 Rxc3 15.bxc3 b6
16.f6 exf6 17.Qd4 fxg5 18.Qxb6 Qe7 19.Rad1 Bh3 20.Rf2 Nf6 21.Qxd6 Qxa7 22.Qxe5 Ng4
23.Qc5 Qxc5 24.Nxc5 Nxf2 25.Kxf2 Rc8 26.Kg3 g4 27.Rd5 h5 28.e5 g5 29.Bd3 Re8
30.e6 h4+ 31.Kf2 fxe6 32.Rxg5 Re7 33.Be2 Rf7+ 34.Ke3 Rf5 35.Nxe6 Rxg5 36.Nxg5 Bh6
37.Kf4 g3 38.hxg3 Bxg5+ 39.Kxg5 hxg3 40.Bf3 g2 41.Bxg2  1/2-1/2

[Event "5th Open"]
[Site "Wroclaw POL"]
[Date "2010.07.02"]
[Round "9"]
[White "Wojtaszek,R"]
[Black "Tiviakov,S"]
[Result "1-0"]
[WhiteElo "2663"]
[BlackElo "2634"]

1.d4 Nf6 2.c4 e6 3.Nc3 Bb4 4.e3 O-O 5.Bd3 d5 6.Nf3 b6 7.O-O Ba6 8.cxd5 Bxc3
9.Bxa6 Nxa6 10.bxc3 Qxd5 11.Ne5 c5 12.f3 Nd7 13.e4 Qb7 14.Nc4 b5 15.Rb1 cxd4
16.cxd4 Qc6 17.Ne3 Nb6 18.Qe2 Nc7 19.Bb2 Qd7 20.Rfd1 Rad8 21.Bc3 Rfe8 22.Be1 Rc8
23.Qd3 a6 24.Bb4 Nca8 25.d5 exd5 26.exd5 Nc4 27.Nxc4 Rxc4 28.d6 Nb6 29.a3 h6
30.Re1 Re6 31.Rbd1 Rc6 32.Qd4 Nc4 33.a4 bxa4 34.Rxe6 fxe6 35.Bc5 Na5 36.Qxa4 Nb7
37.Ba3 Nd8 38.Bb2 Nf7 39.Ba3 Ne5 40.Qe4 Nf7 41.h3 Rc3 42.Qa8+ Kh7 43.Qxa6 e5
44.Bb2 Rb3 45.Qe2 Rb5 46.Kh1 Kg8 47.Bc3 Rc5 48.Bb4 Rc8 49.Qe4 Qa4 50.Rd2 Qd7
51.Qd5 Kh7 52.Bc5 Rb8 53.Ra2 Qf5 54.d7 Ng5 55.Rd2 Ne6 56.Be7 Rb1+ 57.Rd1 Nf4
58.d8=Q Nxd5 59.Qxd5  1-0

[Event "Tch-ESP CECLUB GpA"]
[Site "Burguillos ESP"]
[Date "2010.08.11"]
[Round "3"]
[White "Pena Gomez,M"]
[Black "Wojtaszek,R"]
[Result "0-1"]
[WhiteElo "2430"]
[BlackElo "2663"]

1.g3 Nf6 2.Bg2 d5 3.c4 c6 4.Nf3 dxc4 5.Qc2 Qd5 6.Na3 Be6 7.O-O Nbd7 8.h4 Qe4
9.Qxe4 Nxe4 10.Nd4 Bd5 11.Bxe4 Bxe4 12.f3 e5 13.fxe4 Bxa3 14.bxa3 exd4 15.Rb1 b5
16.a4 a6 17.Rf3 f6 18.Bb2 Ne5 19.Rf5 O-O-O 20.e3 dxe3 21.dxe3 Rd2 22.axb5 axb5
23.a4 Nd3 24.Bd4 b4 25.Ra5 Rd8 26.Bb6 c3 27.Ra7 c2 28.Rf1 Rd7 29.Ra8+ Kb7
30.Ra7+ Kxb6 31.Rxd7 Rd1  0-1

[Event "TCh-CZE 2010-11"]
[Site "Czech Rep CZE"]
[Date "2010.12.04"]
[Round "3.1"]
[White "Azarov,S"]
[Black "Wojtaszek,R"]
[Result "1-0"]
[WhiteElo "2601"]
[BlackElo "2726"]

1.e4 c5 2.Nf3 d6 3.d4 cxd4 4.Nxd4 Nf6 5.Nc3 a6 6.Be2 e5 7.Nb3 Be7 8.O-O O-O
9.Kh1 Nc6 10.f3 b5 11.Be3 Na5 12.Nxa5 Qxa5 13.Qd2 Kh8 14.b4 Qa3 15.Rfb1 Be6
16.Qe1 Rfc8 17.Bd2 Bd8 18.Bd3 Rc6 19.Rb3 Bxb3 20.axb3 Qxb4 21.Nxb5  1-0